[Event "Sarkany-Aranytiz GM"]
[Site "Budapest"]
[Date "2015.08.23"]
[Round "9.4"]
[White "Rajlich, Iweta"]
[Black "Prasanna, Raghuram Rao"]
[Result "0-1"]
[BlackElo "2424"]
[WhiteElo "2392"]
[LiveChessVersion "1.4.6"]

1. d4 {[%clk 1:27:43]} Nf6 {[%clk 1:30:19]} 2. Nf3 {[%clk 1:28:09]} e6
{[%clk 1:30:45]} 3. g3 {[%clk 1:28:37]} d5 {[%clk 1:31:11]} 4. Bg2
{[%clk 1:29:03]} b5 {[%clk 1:31:35]} 5. O-O {[%clk 1:29:01]} Bb7 {[%clk 1:31:53]}
6. b3 {[%clk 1:29:27]} Nbd7 {[%clk 1:31:39]} 7. c4 {[%clk 1:29:18]} bxc4
{[%clk 1:31:41]} 8. bxc4 {[%clk 1:29:47]} dxc4 {[%clk 1:32:01]} 9. Qa4
{[%clk 1:27:37]} c5 {[%clk 1:27:30]} 10. Bg5 {[%clk 1:12:10]} Rc8
{[%clk 1:03:13]} 11. Nc3 {[%clk 0:52:53]} Bc6 {[%clk 0:53:54]} 12. Qc2
{[%clk 0:53:19]} Bxf3 {[%clk 0:50:05]} 13. Bxf3 {[%clk 0:52:34]} cxd4
{[%clk 0:50:29]} 14. Nb5 {[%clk 0:49:40]} Bc5 {[%clk 0:45:09]} 15. Bxf6
{[%clk 0:35:52]} Qxf6 {[%clk 0:43:13]} 16. Bb7 {[%clk 0:35:32]} Rd8
{[%clk 0:29:58]} 17. Nc7+ {[%clk 0:31:06]} Kf8 {[%clk 0:30:19]} 18. Qxc4
{[%clk 0:31:20]} g6 {[%clk 0:29:53]} 19. Na6 {[%clk 0:27:59]} Be7
{[%clk 0:29:45]} 20. Rad1 {[%clk 0:27:22]} Nb6 {[%clk 0:28:47]} 21. Qb3
{[%clk 0:24:16]} Kg7 {[%clk 0:29:08]} 22. Rd3 {[%clk 0:24:14]} Qe5
{[%clk 0:25:27]} 23. f4 {[%clk 0:17:31]} Qa5 {[%clk 0:25:20]} 24. Rb1
{[%clk 0:08:46]} Rd7 {[%clk 0:25:22]} 25. Bc6 {[%clk 0:09:15]} Qxa6
{[%clk 0:22:35]} 26. Bxd7 {[%clk 0:09:44]} Nxd7 {[%clk 0:23:04]} 27. Qb5
{[%clk 0:05:23]} Qd6 {[%clk 0:22:06]} 28. Qc4 {[%clk 0:05:35]} Nb6
{[%clk 0:21:37]} 29. Qa6 Qc7 {[%clk 0:21:13]} 30. Kf2 {[%clk 0:04:52]} Rd8
{[%clk 0:20:58]} 31. a4 {[%clk 0:04:53]} Rd7 {[%clk 0:21:24]} 32. Qb5
{[%clk 0:03:58]} Nd5 {[%clk 0:21:46]} 33. Qb8 {[%clk 0:02:57]} Bc5
{[%clk 0:18:08]} 34. Qxc7 {[%clk 0:03:14]} Rxc7 {[%clk 0:18:37]} 35. Kf3
{[%clk 0:02:58]} Bb6 {[%clk 0:17:24]} 36. a5 {[%clk 0:03:13]} Bxa5
{[%clk 0:17:34]} 37. Rxd4 {[%clk 0:03:38]} Rc3+ {[%clk 0:18:01]} 38. Rd3
{[%clk 0:03:18]} Rxd3+ {[%clk 0:18:02]} 39. exd3 {[%clk 0:03:47]} Bb4
{[%clk 0:18:26]} 40. Ra1 {[%clk 0:32:49]} a5 {[%clk 0:48:49]} 41. Ke2
{[%clk 0:32:20]} a4 {[%clk 0:48:54]} 42. Kd1 {[%clk 0:32:44]} a3 {[%clk 0:49:15]}
43. Kc2 {[%clk 0:33:11]} Kf6 {[%clk 0:49:42]} 44. Kb3 {[%clk 0:33:26]} Kf5
{[%clk 0:48:42]} 45. Rc1 {[%clk 0:33:08]} h5 {[%clk 0:46:54]} 46. Rc8
{[%clk 0:31:30]} h4 {[%clk 0:45:21]} 47. Rh8 {[%clk 0:31:58]} hxg3
{[%clk 0:45:18]} 48. hxg3 {[%clk 0:32:27]} Be1 {[%clk 0:42:58]} 49. Rh7
{[%clk 0:32:35]} f6 {[%clk 0:42:41]} 50. Rh3 {[%clk 0:32:55]} Kg4
{[%clk 0:36:51]} 51. Rh6 {[%clk 0:33:23]} Kxg3 {[%clk 0:37:15]} 52. Rxg6+
{[%clk 0:33:42]} Kxf4 {[%clk 0:37:43]} 53. Rg8 {[%clk 0:33:57]} Ke3
{[%clk 0:35:40]} 54. Kc4 {[%clk 0:34:25]} f5 {[%clk 0:32:53]} 55. Re8
{[%clk 0:33:53]} Nc7 {[%clk 0:33:18]} 0-1

[Event "Sarkany-Aranytiz GM"]
[Site "Budapest"]
[Date "2015.08.23"]
[Round "9.5"]
[White "Nguyen, Huynh Minh Huy"]
[Black "Szabo, Gergely-Andras-Gyula"]
[Result "1/2-1/2"]
[BlackElo "2551"]
[WhiteElo "2496"]
[LiveChessVersion "1.4.6"]

1. d4 {[%clk 1:30:25]} e6 {[%clk 1:27:32]} 2. c4 {[%clk 1:29:31]} Nf6
{[%clk 1:27:55]} 3. Nf3 {[%clk 1:29:29]} c5 {[%clk 1:27:20]} 4. e3
{[%clk 1:28:27]} cxd4 {[%clk 1:27:26]} 5. Nxd4 {[%clk 1:28:48]} Nc6
{[%clk 1:23:33]} 6. Be2 {[%clk 1:28:54]} Be7 {[%clk 1:19:38]} 7. O-O
{[%clk 1:29:14]} O-O {[%clk 1:16:58]} 8. Nc3 {[%clk 1:29:25]} b6 {[%clk 1:14:33]}
9. b3 {[%clk 1:29:04]} Bb7 {[%clk 1:13:50]} 10. Bb2 {[%clk 1:29:25]} d6
{[%clk 1:10:17]} 1/2-1/2